[Event "Ibiza Eivissa op 7th"]
[Site "Eivissa"]
[Date "2018.07.22"]
[Round "5"]
[White "Cabrera Cabrera, Nelson"]
[Black "Reina Fernandez, Fabian"]
[Result "0-1"]
[WhiteElo "1495"]
[BlackElo "1524"]
[PlyCount "42"]
[EventDate "2018.07.08"]
[EventType "swiss"]
[EventRounds "7"]
[EventCountry "ESP"]
[SourceTitle "EXT 2019"]
[Source "ChessBase"]
[SourceDate "2018.10.10"]
[SourceVersion "1"]
[SourceVersionDate "2018.10.10"]
[SourceQuality "1"]

1. e4 d6 2. d4 Nf6 3. Nc3 Nbd7 4. Nf3 e5 5. dxe5 dxe5 6. Bc4 Be7 7. Bxf7+ Kxf7 8. Ng5+ Kg8 9. Ne6 Qe8 10. Nxc7 Qg6 11. 0-0 Rb8 12. Be3 b6 13. f4 Bb7 14. N3d5 Qxe4 15. Nxe7+ Kf7 16. Ned5 Nxd5 17. fxe5+ Kg8 18. Nxd5 Bxd5 19. Rf2 Nxe5 20. Qd2 Nc4 21. Qb4 Qxe3 0-1

[Event "Ibiza-ch"]
[Site "Ibiza"]
[Date "2017.11.18"]
[Round "5"]
[White "Cabrera Cabrera, Nelson"]
[Black "Angola Canchimbo, Elmer"]
[Result "1-0"]
[WhiteElo "1481"]
[BlackElo "1573"]
[PlyCount "95"]
[EventDate "2017.11.04"]
[EventType "swiss"]
[EventRounds "7"]
[EventCountry "ESP"]
[SourceTitle "EXT 2024"]
[Source "ChessBase"]
[SourceDate "2023.10.10"]
[SourceVersion "1"]
[SourceVersionDate "2023.10.10"]
[SourceQuality "1"]

1. d4 f5 2. Bf4 Nf6 3. Nf3 e6 4. e3 Be7 5. h3 c5 6. c3 cxd4 7. exd4 b6 8. Nbd2 Bb7 9. Ne5 Nc6 10. Ndf3 d6 11. Nxc6 Bxc6 12. Be2 Ne4 13. 0-0 Qd7 14. Bd3 g5 15. Nxg5 Bxg5 16. Qh5+ Qf7 17. Qxf7+ Kxf7 18. Bxe4 Bxe4 19. Bxd6 Rhg8 20. f3 Bd5 21. b3 Rac8 22. c4 Ba8 23. Rae1 Bf6 24. Be5 Rcd8 25. Bxf6 Kxf6 26. Rd1 Rg7 27. Rd3 Rd6 28. Rfd1 h5 29. R1d2 h4 30. a4 a5 31. Kf2 Rg3 32. Kf1 Bc6 33. Kf2 Be8 34. Re3 Rg5 35. Rde2 Bf7 36. Rd3 Rg8 37. Red2 Rgd8 38. Ke3 Kg5 39. f4+ Kf6 40. Kf3 Rg8 41. Re2 Be8 42. Re5 Bc6+ 43. d5 exd5 44. cxd5 Re8 45. dxc6 Rxe5 46. Rxd6+ Re6 47. c7 Rxd6 48. c8Q 1-0

[Event "Ibiza Summer op 4th"]
[Site "Ibiza"]
[Date "2016.06.26"]
[Round "5"]
[White "Cabrera Cabrera, Nelson"]
[Black "Prohens Lopez, Aitor"]
[Result "0-1"]
[WhiteElo "1524"]
[BlackElo "1728"]
[PlyCount "64"]
[EventDate "2016.06.24"]
[EventType "swiss"]
[EventRounds "6"]
[EventCountry "ESP"]
[SourceTitle "CBM 173 Extra"]
[Source "ChessBase"]
[SourceDate "2016.08.29"]
[SourceVersion "1"]
[SourceVersionDate "2016.08.29"]
[SourceQuality "1"]

1. b3 d5 2. Bb2 f6 3. e3 e5 4. c4 c6 5. Ne2 Bd6 6. cxd5 cxd5 7. Nbc3 Be6 8. Rc1 a6 9. g3 Nc6 10. Bg2 Nge7 11. a3 Qd7 12. 0-0 0-0 13. f4 e4 14. Na4 Nc8 15. Nd4 Nxd4 16. Bxd4 Bxa3 17. Nc5 Bxc5 18. Rxc5 Nd6 19. f5 Nxf5 20. Bb2 Rac8 21. b4 Rxc5 22. bxc5 Rc8 23. Qc2 Qb5 24. Rc1 Ne7 25. Bf1 Qd7 26. Qc3 Ng6 27. Be2 Bg4 28. Bf1 Ne5 29. Bg2 Nd3 30. Rf1 Rxc5 31. Qd4 Rc4 32. Qb6 Rb4 0-1

[Event "Ibiza Summer op 4th"]
[Site "Ibiza"]
[Date "2016.06.25"]
[Round "4"]
[White "Riera Torres, Diana"]
[Black "Cabrera Cabrera, Nelson"]
[Result "1/2-1/2"]
[WhiteElo "1683"]
[BlackElo "1524"]
[PlyCount "87"]
[EventDate "2016.06.24"]
[EventType "swiss"]
[EventRounds "6"]
[EventCountry "ESP"]
[SourceTitle "CBM 173 Extra"]
[Source "ChessBase"]
[SourceDate "2016.08.29"]
[SourceVersion "1"]
[SourceVersionDate "2016.08.29"]
[SourceQuality "1"]

1. Nf3 Nf6 2. b3 e6 3. Bb2 Nc6 4. c4 d6 5. d4 d5 6. e3 Bb4+ 7. Nbd2 Ne4 8. a3 Bc3 9. Qc2 Bxb2 10. Qxb2 f5 11. b4 0-0 12. Bd3 a6 13. 0-0 Ne7 14. Ne5 Rf6 15. Ndf3 Ng6 16. Nxg6 Rxg6 17. Ne5 Rh6 18. Bxe4 Qh4 19. h3 Qxe4 20. Qe2 Qh4 21. f4 Qe7 22. c5 Bd7 23. a4 Be8 24. b5 a5 25. Rfc1 g5 26. fxg5 Qxg5 27. Kh1 Bh5 28. Qf2 Bg4 29. Nxg4 Qxg4 30. Qf4 Qg7 31. Rf1 Rf8 32. Rf3 Rg6 33. Ra2 Rff6 34. Raf2 Rg5 35. Qh2 Rfg6 36. Kg1 h5 37. Kf1 h4 38. Qf4 Rxg2 39. Rxg2 Rxg2 40. Rf2 Rg1+ 41. Ke2 Rb1 42. Kf3 Rg1 43. Qxh4 Rg6 44. Qd8+ 1/2-1/2

[Event "Ibiza Eivissa op 5th"]
[Site "Eivissa"]
[Date "2016.04.24"]
[Round "7"]
[White "Moya Diaz, Raul"]
[Black "Cabrera Cabrera, Nelson"]
[Result "1-0"]
[WhiteElo "1846"]
[BlackElo "1526"]
[PlyCount "63"]
[EventDate "2016.04.03"]
[EventType "swiss"]
[EventRounds "7"]
[EventCountry "ESP"]
[SourceTitle "EXT 2024"]
[Source "ChessBase"]
[SourceDate "2023.10.10"]
[SourceVersion "1"]
[SourceVersionDate "2023.10.10"]
[SourceQuality "1"]

1. d4 Nf6 2. c4 e6 3. Nc3 Bb4 4. Qc2 c5 5. e3 cxd4 6. exd4 0-0 7. Nf3 Nc6 8. Bd3 d5 9. Bg5 dxc4 10. Bxh7+ Kh8 11. Be4 Nxd4 12. Nxd4 Qxd4 13. Bf3 Qe5+ 14. Be3 Nd5 15. Bxd5 exd5 16. 0-0-0 Bf5 17. Qd2 Bxc3 18. bxc3 Qe4 19. Kb2 Rfe8 20. Rhe1 Qxg2 21. Bd4 Rxe1 22. Rxe1 Qg6 23. f3 Qc6 24. Ra1 Re8 25. a4 a5 26. Rg1 Rg8 27. Qf4 Qh6 28. Bxg7+ Qxg7 29. Rxg7 Rxg7 30. Qxf5 Rg1 31. Ka3 Rg2 32. Qxd5 1-0

[Event "Ibiza-ch"]
[Site "Eivissa"]
[Date "2015.11.29"]
[Round "7"]
[White "Cabrera Cabrera, Nelson"]
[Black "Angola Canchimbo, Elmer"]
[Result "0-1"]
[WhiteElo "1526"]
[BlackElo "1654"]
[PlyCount "103"]
[EventDate "2015.11.07"]
[EventType "swiss"]
[EventRounds "7"]
[EventCountry "ESP"]
[SourceTitle "EXT 2019"]
[Source "ChessBase"]
[SourceDate "2018.10.10"]
[SourceVersion "1"]
[SourceVersionDate "2018.10.10"]
[SourceQuality "1"]

1. b3 e5 2. Bb2 Nc6 3. e3 Nge7 4. d3 d5 5. Nd2 Be6 6. a3 Qd7 7. c4 Rd8 8. Ngf3 Ng6 9. Be2 b6 10. cxd5 Bxd5 11. e4 Be6 12. Nc4 f6 13. Qc2 Nf4 14. 0-0-0 Nxg2 15. d4 exd4 16. Nxd4 Nxd4 17. Bxd4 Bd6 18. e5 Bxc4 19. Bxc4 Bxa3+ 20. Bb2 Bxb2+ 21. Kxb2 Qe7 22. exf6 Qxf6+ 23. Ka2 Nh4 24. Qe4+ Kf8 25. Rxd8+ Qxd8 26. Bd5 Ng6 27. Qf5+ Qf6 28. Qc8+ Ke7 29. Qxc7+ Kf8 30. Qc8+ Ke7 31. Re1+ Ne5 32. Qc7+ Kf8 33. Rxe5 Qxf2+ 34. Ka3 Qc5+ 35. Qxc5+ bxc5 36. Bc6 g6 37. Rxc5 Ke7 38. Ra5 Kd6 39. Bg2 Re8 40. Rxa7 Re2 41. Bf3 Rxh2 42. Ra4 Rf2 43. Be4 Rf7 44. Ra5 Re7 45. Bd3 Kc6 46. Kb4 Kb6 47. Ra6+ Kb7 48. Kc5 Re3 49. Rb6+ Kc7 50. Bc4 Re5+ 51. Bd5 Rxd5+ 52. Kxd5 0-1

[Event "Ibiza-ch"]
[Site "Eivissa"]
[Date "2015.11.28"]
[Round "6"]
[White "Guasch Juan, Juan Antonio"]
[Black "Cabrera Cabrera, Nelson"]
[Result "0-1"]
[WhiteElo "1425"]
[BlackElo "1526"]
[PlyCount "78"]
[EventDate "2015.11.07"]
[EventType "swiss"]
[EventRounds "7"]
[EventCountry "ESP"]
[SourceTitle "EXT 2019"]
[Source "ChessBase"]
[SourceDate "2018.10.10"]
[SourceVersion "1"]
[SourceVersionDate "2018.10.10"]
[SourceQuality "1"]

1. e4 c5 2. Nf3 e6 3. c3 Nc6 4. Bb5 Qc7 5. d3 a6 6. Ba4 b5 7. Bb3 Nf6 8. Nbd2 Be7 9. Qe2 Bb7 10. 0-0 Bd6 11. g3 h5 12. h4 Rh6 13. d4 Be7 14. e5 Ng4 15. Ne4 Rg6 16. Nxc5 Bxc5 17. Bc2 Bb6 18. Bxg6 fxg6 19. Bg5 d5 20. Qc2 Qf7 21. Nh2 Nxh2 22. Kxh2 Ne7 23. f4 Rc8 24. Qe2 Qf5 25. Qg2 b4 26. Rac1 Rc4 27. Qc2 Qxc2+ 28. Rxc2 Bxd4 29. b3 Rxc3 30. Rxc3 Bxc3 31. Kh3 d4 32. g4 d3 33. Bxe7 hxg4+ 34. Kxg4 Kxe7 35. h5 d2 36. hxg6 Be4 37. Kg3 Bxg6 38. Kf3 Bh5+ 39. Ke3 d1Q 0-1

[Event "Eivissa City-chT"]
[Site "Eivissa"]
[Date "2015.03.14"]
[Round "2.4"]
[White "Cabrera Cabrera, Nelson"]
[Black "Bordes Guasch, Juan Roman"]
[Result "0-1"]
[WhiteElo "1560"]
[BlackElo "1774"]
[PlyCount "97"]
[EventDate "2015.03.07"]
[EventType "team-tourn"]
[EventRounds "5"]
[EventCountry "ESP"]
[SourceTitle "EXT 2016"]
[Source "ChessBase"]
[SourceDate "2015.10.08"]
[SourceVersion "1"]
[SourceVersionDate "2015.10.08"]
[SourceQuality "1"]
[WhiteTeam "Santa Eulalia"]
[BlackTeam "Puig den Valls"]
[WhiteTeamCountry "ESP"]
[BlackTeamCountry "ESP"]

1. b3 e5 2. Bb2 Nc6 3. e3 Nf6 4. Nf3 d6 5. Be2 Bf5 6. 0-0 Be7 7. d3 Qd7 8. e4 Bg6 9. Nh4 0-0-0 10. Nd2 Kb8 11. c4 h5 12. Nxg6 fxg6 13. Nf3 Rde8 14. Nh4 g5 15. Nf5 g6 16. Nxe7 Rxe7 17. Qd2 Nh7 18. d4 exd4 19. Bxd4 Nxd4 20. Qxd4 Rf8 21. Rad1 Nf6 22. f3 b6 23. Qe3 Re5 24. Qc3 g4 25. fxg4 Qe7 26. gxh5 Rxe4 27. Bf3 Re3 28. Rde1 Rxc3 29. Rxe7 Nxh5 30. Bxh5 Rxf1+ 31. Kxf1 gxh5 32. Rh7 Rc1+ 33. Ke2 Rc2+ 34. Kf3 Rxa2 35. Rxh5 Ra3 36. Ke4 Rxb3 37. g4 Rc3 38. Kd4 Rc1 39. Kd5 a5 40. g5 Rg1 41. Kc6 a4 42. Rh8+ Ka7 43. Kxc7 Rxg5 44. Kc6 Rc5+ 45. Kxd6 Rxc4 46. Rh7+ Ka6 47. Rh3 Kb5 48. Rh5+ Rc5 49. Rh3 0-1

[Event "Eivissa City-chT"]
[Site "Eivissa"]
[Date "2015.03.07"]
[Round "1.5"]
[White "Cabrera Cabrera, Nelson"]
[Black "Prohens Costa, Armando"]
[Result "0-1"]
[WhiteElo "1560"]
[BlackElo "1645"]
[PlyCount "48"]
[EventDate "2015.03.07"]
[EventType "team-tourn"]
[EventRounds "5"]
[EventCountry "ESP"]
[SourceTitle "EXT 2016"]
[Source "ChessBase"]
[SourceDate "2015.10.08"]
[SourceVersion "1"]
[SourceVersionDate "2015.10.08"]
[SourceQuality "1"]
[WhiteTeam "Santa Eulalia"]
[BlackTeam "Ibiza Casino"]
[WhiteTeamCountry "ESP"]
[BlackTeamCountry "ESP"]

1. b3 e5 2. Bb2 Nc6 3. e3 d5 4. Bb5 Bd6 5. Nf3 Bg4 6. Be2 Nf6 7. Nc3 0-0 8. Nh4 Be6 9. Nb5 Be7 10. g3 a6 11. Na3 b5 12. c4 bxc4 13. bxc4 d4 14. d3 Bb4+ 15. Kf1 dxe3 16. f3 Nd4 17. Bxd4 exd4 18. Nc2 Bc3 19. Rb1 Rb8 20. Rb3 Rxb3 21. axb3 Qd6 22. Kg2 g5 23. Rg1 gxh4 24. gxh4 Kh8 0-1

[Event "Ibiza Eivissa op 4th"]
[Site "Eivissa"]
[Date "2015.02.14"]
[Round "5"]
[White "Cabrera Cabrera, Nelson"]
[Black "Bordes Guasch, Juan Roman"]
[Result "0-1"]
[WhiteElo "1402"]
[BlackElo "1774"]
[PlyCount "70"]
[EventDate "2015.01.31"]
[EventType "swiss"]
[EventRounds "7"]
[EventCountry "ESP"]
[SourceTitle "EXT 2016"]
[Source "ChessBase"]
[SourceDate "2015.10.08"]
[SourceVersion "1"]
[SourceVersionDate "2015.10.08"]
[SourceQuality "1"]

1. b3 e5 2. Bb2 Nc6 3. e3 Nf6 4. Bb5 d6 5. Nf3 Bd7 6. 0-0 Be7 7. Be2 Bf5 8. d3 Qd7 9. a3 h6 10. Nbd2 Bh7 11. e4 b6 12. c4 Nd8 13. Rc1 Ne6 14. g3 c5 15. Re1 a5 16. a4 g5 17. Rf1 Rg8 18. h4 gxh4 19. Nxh4 Nf4 20. Ng2 Nxe2+ 21. Qxe2 0-0-0 22. f4 Rxg3 23. f5 Rxg2+ 24. Qxg2 Rg8 25. Qxg8+ Nxg8 26. Kf2 Bg5 27. Ke2 f6 28. Rf2 Qf7 29. Rg1 h5 30. Nf3 Bf4 31. Rfg2 Nh6 32. Nh4 Ng4 33. Bc1 Bxc1 34. Rxc1 Qg7 35. Nf3 Qh6 0-1